Bats to the rescue! / (Record no. 2089)

MARC details
000 -LEADER
fixed length control field 01003nam a22002777a 4500
005 - DATE AND TIME OF LATEST TRANSACTION
control field 20250815163702.0
020 ## - INTERNATIONAL STANDARD BOOK NUMBER
International Standard Book Number 9781442402287
040 ## - CATALOGING SOURCE
Original cataloging agency FISKH
Language of cataloging eng
Transcribing agency FISKH
Modifying agency FISKH
050 ## - LIBRARY OF CONGRESS CALL NUMBER
Classification number PZ7.P2997
082 ## - DEWEY DECIMAL CLASSIFICATION NUMBER
Edition number 156
100 ## - MAIN ENTRY--PERSONAL NAME
Personal name Contreras, Rosemary
245 ## - TITLE STATEMENT
Title Bats to the rescue! /
Statement of responsibility, etc. adapted by Veronica Paz Based on the screenplay "Freddie the Fruit Bat Saves Halloween" written by Rosemary Contreras illustrated by Art Mawhinney
260 ## - PUBLICATION, DISTRIBUTION, ETC.
Place of publication, distribution, etc. New York :
Name of publisher, distributor, etc. Simon Spotlight,
Date of publication, distribution, etc. 2010
300 ## - PHYSICAL DESCRIPTION
Extent 25 unnumbered pages :
Dimensions 21x21 cm
505 ## - FORMATTED CONTENTS NOTE
Formatted contents note O
520 ## - SUMMARY, ETC.
Summary, etc. It's Halloween and Diego and Alicia are throwing a party. Everyone's there, including Freddie the Fruit Bat. But where is Linda, the llama who's bringing the treats for the party?
521 ## - TARGET AUDIENCE NOTE
Target audience note 460<br/>
Source Lexile estimate
521 ## - TARGET AUDIENCE NOTE
Target audience note O
Source Raz-Plus
650 ## - SUBJECT ADDED ENTRY--TOPICAL TERM
Topical term or geographic name entry element Halloween
650 ## - SUBJECT ADDED ENTRY--TOPICAL TERM
Topical term or geographic name entry element Adventure
650 ## - SUBJECT ADDED ENTRY--TOPICAL TERM
Topical term or geographic name entry element Bat
700 ## - ADDED ENTRY--PERSONAL NAME
Personal name Paz, Veronica
Relator term adaptor
700 ## - ADDED ENTRY--PERSONAL NAME
Personal name Mawhinney, Art
Relator term illustrator
942 ## - ADDED ENTRY ELEMENTS (KOHA)
Source of classification or shelving scheme Dewey Decimal Classification
Koha item type Books
Suppress in OPAC No
999 ## -
-- 2089
-- 2089
Holdings
Withdrawn status Lost status Source of classification or shelving scheme Damaged status Not for loan Collection Home library Current library Shelving location Date acquired Total Checkouts Full call number Barcode Date last seen Price effective from Koha item type
    Dewey Decimal Classification     Juvenile Fiction Footprints International School Library Network Toul Tom Poung Campus Footprints International School Library Network Toul Tom Poung Campus TTP Primary Dark Blue Bookshelves 11/06/2023   CON 156 PZ7.P2997 FISTK02106 11/06/2023 11/06/2023 Books